Riesgo operacional en entidades financieras (Registro nro. 28179)
[ vista simple ]
| 000 -LEADER | |
|---|---|
| fixed length control field | 00310 a2200109 4500 |
| 001 - CONTROL NUMBER | |
| control field | ART_33045 |
| 005 - DATE AND TIME OF LATEST TRANSACTION | |
| control field | 20260410161926.0 |
| 008 - FIXED-LENGTH DATA ELEMENTS--GENERAL INFORMATION | |
| fixed length control field | 260409a |
| 100 1# - MAIN ENTRY--PERSONAL NAME | |
| Personal name | Blanco, Alejandro |
| 245 10 - TITLE STATEMENT | |
| Title | Riesgo operacional en entidades financieras |
| 773 0# - HOST ITEM ENTRY | |
| Title | Lecturas |
| Related parts | - Nº 14 (ene. 2010) |
| Record control number | REV19328 |
No hay ítems disponibles.